| 000 | 00645cam a2200145 4500500 | ||
|---|---|---|---|
| 005 | 20260208002444.0 | ||
| 041 | _afre | ||
| 042 | _adc | ||
| 100 | 1 | 0 |
_aLaberge, Yves _eauthor |
| 245 | 0 | 0 | _aRobert Launay, ed., Foundations of Anthropological Theory. From Classical Antiquity to Early Modern Europe, Oxford, Wiley-Blackwell, 2010, 296 p., notes bibliogr., index (« Blackwell Anthologies in Social and Cultural Anthropology » 12) |
| 260 | _c2012. | ||
| 500 | _a77 | ||
| 786 | 0 | _nL'Homme | 202 | 2 | 2012-05-01 | p. 227d-235d | 0439-4216 | |
| 856 | 4 | 1 | _uhttps://shs.cairn.info/revue-l-homme-2012-2-page-227d?lang=fr&redirect-ssocas=7080 |
| 999 |
_c1646461 _d1646461 |
||